Thiên thần nổi giận (Tiểu thuyết) = Race of angels

שמור ב:
מידע ביבליוגרפי
מחבר ראשי: Sidney Sheldon
פורמט: ספר
שפה:Undetermined
יצא לאור: Hà Nội Lao Động 1999
נושאים:
תגים: הוספת תג
אין תגיות, היה/י הראשונ/ה לתייג את הרשומה!
Thư viện lưu trữ: Trung tâm Học liệu Trường Đại học Cần Thơ
LEADER 00573nam a2200181Ia 4500
001 CTU_42664
008 210402s9999 xx 000 0 und d
082 |a 813.5 
082 |b S544th 
100 |a Sidney Sheldon 
245 0 |a Thiên thần nổi giận (Tiểu thuyết) 
245 0 |b = Race of angels 
245 0 |c Sidney Sheldon, Thu Nguyên 
260 |a Hà Nội 
260 |b Lao Động 
260 |c 1999 
650 |a american fiction ( vietnamese ),american literature - 20th century 
980 |a Trung tâm Học liệu Trường Đại học Cần Thơ